000 00686nam a2200217Ii 4500
003 JO-AjNU
008 230605s9999||||xx |||||||||||||| ||und||
020 _a978-9957-30-081-4
040 _aJO-AjNU
_bara
_erda
_cJO-AjNU
041 _aara
050 1 4 _aPJ7510 2009
100 3 _aالمومني، قاسم,
_eauthor
_943253
245 0 0 _aصاحب النص وناقده - إضاءات نقدية -
250 _aط1
264 3 1 _aعمان: دار فضاءات للنشر، 2009
300 _a270ص
336 _atext
_btxt
_2rdacontent
337 _aunmediated
_bn
_2rdamedia
338 _avolume
_bnc
_2rdacarrier
650 4 _aالأدب العربي - تحليل ونقد
_943254
999 _aA18582
_c22150
_d22150